000 00971nam a22002417a 4500
005 20240305165619.0
007 cr|||| |||
008 211004s2021 mx |||||s|||| 00||0 spa d
020 _a978-368-726-459-0
035 _a35184
040 _avLex
090 _c12490
_d12490
245 0 0 _aAgenda de Amparo 2021
_h[Recurso electrónico] /
256 _aServicio en línea
260 _aCiudad de México:
_bEdiciones Fiscales ISEF,
_c2021
300 _a1 recurso electrónico
506 1 _aDisponible solo en los productos indicados
_dvLex Global
_dvLex Global (Academic Edition, excluding Law Schools)
_dvLex Global (U.S. Academic Edition, Law Schools)
_dvLex Global (U.S. Academic Edition, excluding Law Schools)
_dvLex Global (Academic Edition, Law Schools)
650 0 4 _aDerecho Constitucional
_zMéxico
650 0 4 _aDerecho Procesal
_zMéxico
740 0 _avLex Libros (Servicio en línea)
856 4 0 _uhttps://app.vlex.com/#/sources/35184
942 _cRAA
999 _c170726
_d170726